00500nam a2200121 a 450000500170000000800410001705000210005810000340007924501270011394200090024099900170024995201120026620140408090007.0030602s19uu xx 00 eng d aPGS '98bGRA #13 aGrandea, Maria Socorro Jereza aThe Use of the math center and how it affects the Southville Internatonal School grade six students school year 1997-1998. cPASS c96126d96126 001040aLUXbLUXcPASSd2003-06-02egiftl0oPGS '98 GRA #13pP0035r2014-04-08 00:00:00w2014-04-08yPASS